|
|
|
|
| LEADER |
00000nam0a2200000 4500 |
| 001 |
20406 |
| 005 |
20231030192046.0 |
| 035 |
|
|
|a (RuTPU)RU\TPU\book\20587
|
| 035 |
|
|
|a BOOK00000026
|
| 090 |
|
|
|a 20406
|
| 100 |
|
|
|a 20011209d1961 m y0rusy50 ca
|
| 101 |
0 |
|
|a rus
|
| 102 |
|
|
|a RU
|
| 105 |
|
|
|a y j 000zy
|
| 200 |
1 |
|
|a Задачи и упражнения по логике
|e учебное пособие
|f А. И. Уемов
|
| 210 |
|
|
|a Москва
|c Высшая школа
|d 1961
|
| 215 |
|
|
|a 352 с.
|
| 610 |
1 |
|
|a логика
|
| 610 |
1 |
|
|a понятие
|
| 610 |
1 |
|
|a суждения
|
| 610 |
1 |
|
|a законы
|
| 610 |
1 |
|
|a силлогизмы
|
| 610 |
1 |
|
|a дедукция
|
| 610 |
1 |
|
|a индукция
|
| 610 |
1 |
|
|a аналогия
|
| 610 |
1 |
|
|a гипотеза
|
| 610 |
1 |
|
|a доказательство
|
| 610 |
1 |
|
|a учебные пособия
|
| 686 |
|
|
|a Ю41
|v LBC/SL-A
|2 rubbk
|
| 700 |
|
1 |
|a Уемов
|b А. И.
|g Авенир Иванович
|
| 801 |
|
0 |
|a RU
|b 63413507
|c 20011209
|g PSBO
|
| 801 |
|
2 |
|a RU
|b 63413507
|c 20220323
|g PSBO
|
| 942 |
|
|
|c BK
|